Analýzy spoľahlivosti vybraných systémov pre osobné vozidlá Mercedes

Saved in:
Bibliographic Details
Main Author: Hollová, Petra, 1986- (Author)
Other Authors: Kováčová, Monika, 1971- (Thesis advisor)
Format: Manuscript Book
Language:Slovak
Published: Bratislava : STU v Bratislave SjF, 2010
Subjects:
Online Access:VAIS
Tags: Add Tag
No Tags, Be the first to tag this record!

MARC

LEADER 00000ntm a22000003a 4500
001 stu208661
005 20150617230101.9
008 100805s2010----xo------------------slo-d
040 |a STU  |b slo 
041 0 |a slo 
044 |a xo 
100 1 |a Hollová, Petra,  |d 1986-  |4 aut  |u J  |T SjF Strojnícka fakulta  |X 30380  |U J  |Y 20  |7 A000030380 
242 0 0 |a Reliability analysis of choosen systems in vehicles Mercedes – Benz  |y eng 
245 1 |a Analýzy spoľahlivosti vybraných systémov pre osobné vozidlá Mercedes 
260 |a Bratislava :  |b STU v Bratislave SjF,  |c 2010 
650 7 |a FMEA  |2 stusub 
650 7 |a clutch  |2 estusub 
650 7 |a spojka  |2 stusub 
650 7 |a FMEA analýza  |2 stusub 
650 7 |a riadenie  |2 stusub 
650 7 |a poruchy  |2 stusub 
700 1 |a Kováčová, Monika,  |d 1971-  |4 ths  |u J0080  |U SjF Strojnícka fakulta  |T SjF Ústav matematiky a fyziky  |X 2333  |U J0080  |Y 808  |7 A000002333 
856 4 |a info a plný text  |u http://is.stuba.sk/zp/portal_zp.pl?podrobnosti=62232  |3 VAIS 
996 |b 284J039041  |c J*909/DP  |l JJSK  |s A  |a 24  |w stu208661_0001